Corinthians: Últimos Técnicos - Statistics

Estatísticas Gerais
  • Esse quiz foi jogado 112 vezes
  • A pontuação média é 13 de 17
Estatísticas das Respostas
Imagem Resposta % Correto
Dorival Júnior
98%
Cuca
96%
Mano Menezes
96%
Ramon Diaz
96%
Tite
96%
Vanderlei Luxemburgo
96%
Vitor Pereira
95%
Fábio Carille
87%
Vagner Mancini
85%
Sylvinho
81%
Antonio Oliveira
77%
Jair Ventura
72%
Tiago Nunes
65%
Fernando Lázaro
57%
Oswaldo de Oliveira
51%
Cristovão Borges
46%
Osmar Loss
42%
Nenhum quiz correspondente encontrado
Distribuição das Pontuações
Porcentagem de Pessoas com Cada Pontuação
Percentil de Números Respondidos
Sua Pontuação Histórica
Você não jogou esse quiz